Articuli pacis & amicitiae, inter serenissimum & potentissimum principem Carolum II, dei gratiâ Magnæ Britanniæ, Franciæ, & Hiberniæ regem, fidei defensorem, &c. et celsos ac praepotentes dominos Ordines Generales Foederatarum Belgii Provinciarum : conclusi apud Westmonasterium 9/19 die Februarii, anno domini 1673/4.

Bibliographic Details
Corporate Authors: England and Wales, United Provinces of the Netherlands, United Provinces of the Netherlands. Staten Generaal
Format: eBook
Language:Latin
Published: Londini : Excudebant assignati Johannis Bill and Christophori Barker, 1674.
Series:Early English books online.
Subjects:
Online Access:Connect to the full text of this electronic book

MARC

Tag First Indicator Second Indicator Subfields
LEADER 00000nam a2200000Ia 4500
001 in00004241313
005 20200807092656.0
006 m g d
007 cr bn |||a|bb|
008 850227s1674 enk o 00| | lat d
035 |a (OCoLC)11743460 
040 |a EAA  |c EAA  |d m/c  |d EAA  |d WaOLN 
037 |a CL0037000014  |b ProQuest Information and Learning. 300 N. Zeeb Rd., Ann Arbor, MI 48106 
043 |a e-uk---  |a e-be--- 
045 0 |b d16740219 
049 |a UMIA 
110 1 |a England and Wales. 
240 1 0 |a Treaties, etc.  |g United Provinces of the Netherlands,  |d 1674 Feb. 19 
245 0 0 |a Articuli pacis & amicitiae, inter serenissimum & potentissimum principem Carolum II, dei gratiâ Magnæ Britanniæ, Franciæ, & Hiberniæ regem, fidei defensorem, &c. et celsos ac praepotentes dominos Ordines Generales Foederatarum Belgii Provinciarum :  |b conclusi apud Westmonasterium 9/19 die Februarii, anno domini 1673/4. 
260 |a Londini :  |b Excudebant assignati Johannis Bill and Christophori Barker,  |c 1674. 
300 |a 1 online resource ([2], 12 pages) 
336 |a text  |b txt  |2 rdacontent 
337 |a computer  |b c  |2 rdamedia 
338 |a online resource  |b cr  |2 rdacarrier 
500 |a Reproduction of original in Huntington Library. 
510 4 |a Wing  |c C2916 
510 4 |a Aldis, H.G. Scotland  |c 1610 
533 |a Electronic reproduction.  |b Ann Arbor, Mich. :  |c UMI,  |d 1999-  |f (Early English books online)  |n Digital version of: (Early English books, 1641-1700 ; 486:12)  |7 s1999 miun s 
651 0 |a Great Britain  |x Foreign relations  |z Netherlands  |v Sources. 
651 0 |a Netherlands  |x Foreign relations  |z Great Britain  |v Sources. 
710 1 |a United Provinces of the Netherlands.  |t Treaties, etc.  |g England and Wales,  |d 1674 Feb. 19. 
710 1 |a United Provinces of the Netherlands.  |b Staten Generaal. 
740 0 |a Articuli pacis & amicitiae, inter serenissimun & potentissimum principem Carolum II ... et celsos ac praepotentes dominos ordines generales foederatarum Belgii provinciarum. 
740 0 |a Articuli pacis et amicitiae. 
830 0 |a Early English books online. 
856 4 0 |u http://proxy.library.tamu.edu/login?url=https://search.proquest.com/docview/2240875581  |z Connect to the full text of this electronic book  |t 0 
999 f f |s f37f01d3-9454-3343-b57c-e7f07e140aa5  |i e2564e36-e065-306a-8b5d-7c9d54066be4  |t 0 
952 f f |a Texas A&M University  |b College Station  |c Electronic Resources  |d Available Online  |t 0  |h No information provided 
998 f f |t 0  |l Available Online